01198 a2200205 450000500170000002000190001704000080003608200160004410000220006024500260008225000120010826000480012030000150016852006910018365000280087465000270090265000180092965000280094770000170097520260506172231.0 a978-8176710633 bEng a621.719 GHO a Ghosh, Amitabha. aManufacturing Science a2nd ed. aNew Delhi:bEast West Press Pvt Ltd:c2010. axvi, 496p. aManufacturing Science provides a comprehensive foundation in manufacturing processes and materials engineering. The book systematically explains the principles underlying metal casting, forming, machining, joining, and surface finishing. It integrates theoretical concepts with practical applications, focusing on process mechanics, material behavior, and production efficiency. The text also addresses modern manufacturing considerations such as automation, quality control, and process optimization. It is particularly useful for engineering students and professionals seeking to understand how raw materials are transformed into finished products through various industrial processes aManufacturing processes aProduction engineering aMetal forming aMachining processes etc aMallik, A K.